|
|
|
|
| LEADER |
00000nnm a2200000 i 4500 |
| 001 |
dolg3587 |
| 005 |
20160202163617.0 |
| 008 |
150602suuuu hu o 000 hun d |
| 040 |
|
|
|a BGE Dolgozattár Repozitórium
|b hun
|
| 041 |
|
|
|a hu
|
| 100 |
1 |
|
|a Géczi Orsolya
|
| 245 |
1 |
2 |
|a A rendezvényszervezés fejlődése és bemutatása az Abacus Hotel Business & Wellness Hotel **** Superiorban, a DM Kft. rendezvényének gyakorlatán keresztül
|c Géczi Orsolya
|h [elektronikus dokumentum]
|
| 246 |
1 |
1 |
|a A rendezvényszervezés fejlődése és bemutatása az Abacus Hotel Business & Wellness Hotel **** Superiorban, a DM Kft. rendezvényének gyakorlatán keresztül
|
| 516 |
|
|
|a Project_work
|
| 695 |
|
|
|a projektmunka
|
| 695 |
|
|
|a rendezvényszervezés
|
| 700 |
1 |
|
|a Formádi Dr Katalin
|e ths
|
| 856 |
4 |
0 |
|u http://dolgozattar.uni-bge.hu/3587/1/Projektmunka%20-%20Ge%CC%81czi%20Orsolya.pdf
|z Dokumentum-elérés
|